| 000 | 01096cam a22003014i 4500 | ||
|---|---|---|---|
| 999 |
_c47001 _d47001 |
||
| 001 | 20650 | ||
| 003 | CO-MdFUSB | ||
| 005 | 20181013100511.0 | ||
| 008 | 161004t2012 xxu||||f |||| 00| 0 eng d | ||
| 020 | _a978-0-8006-9818-8 | ||
| 040 |
_aCO-MdFUSB _bEspañol _cCO-MdFUSB _dCO-MdFUSB _erda |
||
| 041 | _aeng | ||
| 082 |
_224 _a227.06 _bST933s |
||
| 245 | 1 | 0 |
_aStudying Paul's letters _b : Contemporary perspectives and methods _c / editado por Joseph A. Marchal |
| 264 | 1 |
_aMinneapolis, Minnesota : _bFortress Press, _c℗[2012] |
|
| 264 | 4 | _c℗2012 | |
| 300 |
_axii, 233 páginas ; _c23 cm |
||
| 336 |
_2rdacontent _atexto _btxt |
||
| 337 |
_2rdamedia _asin mediación _bn |
||
| 338 |
_2rdacarrier _avolumen _bnc |
||
| 501 | _aRústico | ||
| 505 | 0 | 0 | _aEl estudio de las cartas de Pablo: Perspectivas y métodos contemporáneos -- Ensayos sobre varios aspectos de las cartas de Pablo |
| 563 | _aTapa rústica | ||
| 630 | 7 |
_aBiblia. _pEpístolas Paulinas _xCrítica, interpretación, etc. |
|
| 700 | 1 |
_9499 _aMarchal, Joseph A. _d1974- _eeditor |
|
| 942 | _cBK | ||